Online
Catalog
Normal view MARC view

Entry Nombre corporativo

Number of records used in: 20

001 - NÚMERO DE CONTROL

  • campo de control: 78774

003 - IDENTIFICADOR DEL NÚMERO DE CONTROL

  • campo de control: DO-SdBNP

005 - FECHA Y HORA DE LA ÚLTIMA TRANSACCIÓN

  • campo de control: 20210609090842.0

008 - DATOS DE LONGITUD FIJA

  • campo de control de longitud fija: 210609|| aca||aabn | a|a d

040 ## - FUENTE DE LA CATALOGACIÓN

  • Centro catalogador/agencia de origen: DO-SdBNP
  • Centro/agencia transcriptor: DO-SdBNP

110 ## - ENCABEZAMIENTO-NOMBRE DE ENTIDAD CORPORATIVA

  • Nombre de entidad corporativa o nombre de jurisdicción como elemento de entrada: República Dominicana :
  • Unidad subordinada: Ministerio de Salud Publica y Asistencia Social

670 ## - FUENTE DE DATOS ENCONTRADOS

  • Cita de la fuente: Work cat.: (DO-SdBNP)49896: República Dominicana : Ministerio de Salud Publica y Asistencia Social., Documentos técnicos de apoyo psicosocial en emergencias y desastres : , 2020.

Powered by Koha